Every Kenshi Yonezu Anime - Statistics

General Stats
  • This quiz has been taken 18 times
  • The average score is 2 of 7
Answer Stats
Answer % Correct
Chainsaw Man
89%
My Hero Academia
61%
Medalist
17%
Mobile Suit Gundam: GQuuuuuuX
11%
March Comes in Like a Lion
6%
Children of the Sea
0%
Fireworks
0%
No matching quizzes found
Score Distribution
Percent of People with Each Score
Percentile by Number Answered
Your Score History
You have not taken this quiz